Фазогенераторный преобразователь с положительной фазовой обратной связью; Измерительная техника; № 12

Detalles Bibliográficos
Parent link:Измерительная техника=Measurement Techniques: научно-технический журнал/ Российская Федерация, Федеральное агентство по техническому регулированию и метрологии (Ростехрегулирование) (Госстандарт России).— , 1940-1941, 1955-.— 0368-1025
№ 12.— 2003.— С. 48-51
Autor Principal: Рапин В. В.
Idioma:ruso
Publicado: 2003
Series:Радиотехнические измерения
Subjects:
Formato: Capítulo de libro
KOHA link:https://koha.lib.tpu.ru/cgi-bin/koha/opac-detail.pl?biblionumber=389695

MARC

LEADER 00000naa2a2200000 4500
001 389695
005 20231101063910.0
035 |a (RuTPU)RU\TPU\prd\22163 
090 |a 389695 
100 |a 20040203a2003 k y0rusy50 ca 
101 0 |a rus 
102 |a RU 
200 1 |a Фазогенераторный преобразователь с положительной фазовой обратной связью  |f В. В. Рапин 
225 1 |a Радиотехнические измерения 
320 |a Библиогр.: 3 назв. 
461 1 |0 (RuTPU)RU\TPU\prd\1509  |x 0368-1025  |t Измерительная техника  |l Measurement Techniques  |o научно-технический журнал  |f Российская Федерация, Федеральное агентство по техническому регулированию и метрологии (Ростехрегулирование) (Госстандарт России)  |d 1940-1941, 1955- 
463 1 |0 (RuTPU)RU\TPU\prd\21767  |t № 12  |v С. 48-51  |d 2003 
610 1 |a фазогенераторные преобразователи 
610 1 |a обратная связь 
610 1 |a чувствительность 
675 |a 621.317.76  |v 3 
700 1 |a Рапин  |b В. В. 
801 1 |a RU  |b 63413507  |c 20040203  |g PSBO 
801 2 |a RU  |b 63413507  |c 20121217  |g RCR 
942 |c BK